Loading...

On religion : speeches to its cultured despisers /

Bibliografiske detaljer
Hovedforfatter: Schleiermacher, Friedrich
Format: Printed Book
Sprog:English
Udgivet: Cambridge : Cambridge University Press, 1996.
Serier:Cambridge texts in the history of philosophy
LEADER 00656nam a2200157Ia 4500
008 150624b xxu||||| |||| 00| 0 eng d
020 |a 0521479754 
020 |a 521479754 
082 |a 200 
100 |a Schleiermacher, Friedrich 
245 |a On religion :  |b speeches to its cultured despisers /  |c Friedrich Schleiermacher; Translated and edited by Richard crouter 
260 |a Cambridge :  |b Cambridge University Press,  |c 1996. 
490 |a Cambridge texts in the history of philosophy 
942 |c BK 
999 |c 47570  |d 47570 
952 |0 0  |1 0  |4 0  |6 200_000000000000000_SCH_O  |7 0  |9 47550  |a UL  |b UL  |c ST1  |d 1998-09-01  |l 1  |o 200 SCH/O  |p 69607  |r 2016-04-30  |s 2016-02-05  |w 2012-10-27  |y BK  |k 375